Science - Chemistry | 2 | 8 | 0 | 0 | 110 | 48 | 82.00 | 0 | 2 |
Science - Physics | 2 | 4 | 0 | 0 | 70 | 21 | 75.33 | 1 | 2 |
Science - Biology | 4 | 0 | 0 | 0 | 60 | 31 | 40.75 | 3 | 3 |
Fine Arts - Painting | 0 | 3 | 0 | 0 | 30 | 76 | 89.33 | 0 | 0 |
Social Science - Psychology | 0 | 3 | 0 | 0 | 30 | 75 | 89.67 | 0 | 1 |
Literature - World and Miscellaneous | 1 | 1 | 0 | 0 | 25 | 54 | 70.50 | 0 | 0 |
Literature - American | 1 | 1 | 0 | 0 | 25 | 34 | 63.50 | 0 | 1 |
Science - Astronomy | 0 | 2 | 0 | 0 | 20 | 107 | 112.50 | 0 | 0 |
Science - Earth | 0 | 2 | 0 | 0 | 20 | 66 | 90.50 | 0 | 1 |
Social Science - Sociology | 0 | 1 | 0 | 0 | 10 | 120 | 120.00 | 0 | 0 |
Fine Arts - Music | 0 | 1 | 0 | 0 | 10 | 68 | 68.00 | 0 | 1 |
Geography - United States | 0 | 1 | 0 | 0 | 10 | 60 | 60.00 | 0 | 0 |
Literature - British | 0 | 1 | 0 | 0 | 10 | 95 | 95.00 | 0 | 0 |
Other - Other Academic and General Knowledge | 0 | 1 | 0 | 0 | 10 | 113 | 113.00 | 0 | 0 |
RMP - Philosophy | 0 | 1 | 0 | 0 | 10 | 69 | 69.00 | 0 | 0 |
Science - Computer Science | 0 | 1 | 0 | 0 | 10 | 112 | 112.00 | 0 | 0 |
Science - Engineering and Miscellaneous | 0 | 1 | 0 | 0 | 10 | 64 | 64.00 | 0 | 0 |
RMP - Jewish Practice | 0 | 0 | 0 | 0 | 0 | | 0.00 | 0 | 0 |
Fine Arts - Miscellaneous | 0 | 0 | 0 | 0 | 0 | | 0.00 | 0 | 0 |
Fine Arts - Architecture | 0 | 0 | 0 | 0 | 0 | | 0.00 | 0 | 0 |